[Event "Kaunas Amateur-ch"]
[Site "Kaunas"]
[Date "2018.08.26"]
[Round "8"]
[White "Leclere, Daniel"]
[Black "Siugzdinis, Tautvydas"]
[Result "0-1"]
[WhiteElo "1663"]
[BlackElo "1463"]
[PlyCount "44"]
[EventDate "2018.08.18"]
[EventType "swiss"]
[EventRounds "8"]
[EventCountry "LTU"]
[SourceTitle "CBM 186 Extra"]
[Source "ChessBase"]
[SourceDate "2018.08.24"]
[SourceVersion "1"]
[SourceVersionDate "2018.08.24"]
[SourceQuality "1"]

1. Nf3 e6 2. c4 c5 3. g3 d5 4. cxd5 exd5 5. d4 Nf6 6. Bg2 Be7 7. 0-0 0-0 8. Nc3 h6 9. dxc5 Bxc5 10. Nd4 Nc6 11. Nb3 Bb6 12. Nxd5 Nxd5 13. Bxd5 Qe7 14. Bd2 Bh3 15. Bg2 Bxg2 16. Kxg2 Rad8 17. e3 Ne5 18. Qe2 Rfe8 19. Rad1 Ng6 20. Bc3 Rxd1 21. Rxd1 Qg5 22. Qf3 Nh4+ 0-1

[Event "Kaunas Amateur-ch"]
[Site "Kaunas"]
[Date "2018.08.19"]
[Round "4"]
[White "Jeremicius, Sarunas"]
[Black "Siugzdinis, Tautvydas"]
[Result "1/2-1/2"]
[WhiteElo "1344"]
[BlackElo "1463"]
[PlyCount "55"]
[EventDate "2018.08.18"]
[EventType "swiss"]
[EventRounds "8"]
[EventCountry "LTU"]
[SourceTitle "CBM 186 Extra"]
[Source "ChessBase"]
[SourceDate "2018.08.24"]
[SourceVersion "1"]
[SourceVersionDate "2018.08.24"]
[SourceQuality "1"]

1. d4 e6 2. b3 c5 3. e3 d5 4. Nf3 Nf6 5. Bd3 Nc6 6. c3 cxd4 7. exd4 Bd6 8. 0-0 0-0 9. Re1 h6 10. Bb2 Qc7 11. c4 b6 12. a3 Ba6 13. Qc2 Na5 14. Nbd2 dxc4 15. bxc4 Rac8 16. Rac1 Qe7 17. Qa4 Qd7 18. Qxd7 Nxd7 19. Bf1 Rfd8 20. g3 Nf6 21. Ne5 Bxe5 22. Rxe5 Nc6 23. Re3 Nxd4 24. Rd3 Nc6 25. Rxd8+ Rxd8 26. Nf3 Ne4 27. Ne5 Nxe5 28. Bxe5 1/2-1/2

[Event "LTU-ch U14"]
[Site "Kaunas"]
[Date "2017.04.09"]
[Round "7"]
[White "Slikas, Rokas"]
[Black "Siugzdinis, Tautvydas"]
[Result "1/2-1/2"]
[WhiteElo "1436"]
[BlackElo "1428"]
[PlyCount "66"]
[EventDate "2017.04.05"]
[EventType "swiss"]
[EventRounds "8"]
[EventCountry "LTU"]
[SourceTitle "CBM 177 Extra"]
[Source "ChessBase"]
[SourceDate "2017.04.27"]
[SourceVersion "1"]
[SourceVersionDate "2017.04.27"]
[SourceQuality "1"]

1. e4 e6 2. d4 d5 3. e5 c5 4. c3 Qb6 5. Nf3 Nc6 6. Be2 cxd4 7. cxd4 Bb4+ 8. Nc3 Nge7 9. a3 Bxc3+ 10. bxc3 0-0 11. 0-0 f6 12. exf6 Rxf6 13. Bg5 Rf8 14. Bxe7 Nxe7 15. Ne5 Nc6 16. Nd3 Qc7 17. Qd2 e5 18. dxe5 Nxe5 19. Nxe5 Qxe5 20. Rad1 Be6 21. Rfe1 Qd6 22. Bf3 Rad8 23. Rxe6 Qxe6 24. Bxd5 Rxd5 25. Qxd5 Qxd5 26. Rxd5 Rc8 27. Rd3 b5 28. Kf1 Rc6 29. Rd8+ Kf7 30. Rd7+ Kf6 31. Rxa7 Rxc3 32. g3 Rc1+ 33. Kg2 Ra1 1/2-1/2

[Event "LTU-ch U14"]
[Site "Kaunas"]
[Date "2017.04.06"]
[Round "3"]
[White "Sukvietis, Airidas"]
[Black "Siugzdinis, Tautvydas"]
[Result "0-1"]
[WhiteElo "1332"]
[BlackElo "1428"]
[PlyCount "64"]
[EventDate "2017.04.05"]
[EventType "swiss"]
[EventRounds "8"]
[EventCountry "LTU"]
[SourceTitle "CBM 177 Extra"]
[Source "ChessBase"]
[SourceDate "2017.04.27"]
[SourceVersion "1"]
[SourceVersionDate "2017.04.27"]
[SourceQuality "1"]

1. e4 e6 2. d4 d5 3. e5 c5 4. c3 Qb6 5. Nf3 Nc6 6. Be2 cxd4 7. cxd4 Bb4+ 8. Kf1 Bd7 9. b3 f6 10. exf6 Nxf6 11. Bb2 0-0 12. Na3 Ne4 13. Nc2 Bd6 14. Bd3 e5 15. Bxe4 dxe4 16. Ng1 exd4 17. Bxd4 Nxd4 18. Nxd4 Bc5 19. Nge2 Bb5 20. Nxb5 Rxf2+ 21. Ke1 Qxb5 22. Nc3 Qd3 23. Qxd3 exd3 24. g3 Re8+ 25. Kd1 d2 26. Nd5 Ba3 27. Nf4 Rc8 28. Ne2 Re8 29. Nd4 Bb2 30. Nc2 Bxa1 31. Nxa1 Re1+ 32. Rxe1 dxe1Q+ 0-1

[Event "LTU-chT"]
[Site "Lithuania"]
[Date "2017.01.28"]
[Round "1.5"]
[White "Siugzdinis, Tautvydas"]
[Black "Prigodin, Ruslan"]
[Result "0-1"]
[WhiteElo "1388"]
[BlackElo "2021"]
[PlyCount "58"]
[EventDate "2017.01.28"]
[EventType "team-swiss"]
[EventRounds "7"]
[EventCountry "LTU"]
[SourceTitle "CBM 176 Extra"]
[Source "ChessBase"]
[SourceDate "2017.03.02"]
[SourceVersion "1"]
[SourceVersionDate "2017.03.02"]
[SourceQuality "1"]
[WhiteTeam "Kaunas Margiris II"]
[BlackTeam "Vilnius Chess United"]
[WhiteTeamCountry "LTU"]
[BlackTeamCountry "LTU"]

1. d4 d5 2. c4 e6 3. Nc3 c6 4. Bf4 dxc4 5. e4 b5 6. d5 b4 7. dxc6 Qa5 8. c7 Nd7 9. Qa4 Qxa4 10. Nxa4 e5 11. Bd2 Ba6 12. b3 Rc8 13. Bxc4 Bxc4 14. bxc4 Rxc7 15. Nb2 Ngf6 16. f3 Be7 17. Ne2 0-0 18. 0-0 Rfc8 19. Ng3 Bc5+ 20. Kh1 a5 21. f4 Bd4 22. Rab1 Bxb2 23. Rxb2 Rxc4 24. Nf5 Rc2 25. Rxc2 Rxc2 26. fxe5 Nxe5 27. Bf4 Nfd7 28. Rd1 f6 29. h3 Rxa2 0-1

[Event "Kaunas Naujametinis U16 op 46th"]
[Site "Kaunas"]
[Date "2017.01.04"]
[Round "6"]
[White "Mockus, Dziugas"]
[Black "Siugzdinis, Tautvydas"]
[Result "1-0"]
[WhiteElo "1589"]
[BlackElo "1388"]
[PlyCount "113"]
[EventDate "2017.01.02"]
[EventType "swiss"]
[EventRounds "6"]
[EventCountry "LTU"]
[SourceTitle "CBM 176 Extra"]
[Source "ChessBase"]
[SourceDate "2017.03.02"]
[SourceVersion "1"]
[SourceVersionDate "2017.03.02"]
[SourceQuality "1"]

1. e4 e6 2. d4 d5 3. exd5 exd5 4. Bd3 c5 5. dxc5 Bxc5 6. Nf3 Nf6 7. Qe2+ Be7 8. 0-0 0-0 9. h3 Re8 10. Qd1 Nc6 11. Bf4 Qb6 12. b3 Be6 13. Nbd2 Rac8 14. Ne5 Bb4 15. Ndf3 Bc3 16. Rb1 Ne4 17. Nxc6 Rxc6 18. Be3 Qa5 19. a4 Bb4 20. Bxe4 dxe4 21. Nd4 Rd6 22. Qe2 Bc8 23. Rbd1 Rg6 24. Kh1 Bd6 25. Qb5 Qd8 26. Nf5 a6 27. Qd5 Bxf5 28. Qxf5 Qc7 29. c4 Re5 30. Qf4 f5 31. Bd4 Rd5 32. Qe3 Bf4 33. Qc3 Rd8 34. Be3 Bd6 35. Rd5 Rf8 36. f3 f4 37. Bc1 e3 38. Rfd1 b6 39. Bb2 a5 40. Qd4 Rff6 41. Bc3 Qd7 42. Qxb6 Re6 43. Qxa5 Rg3 44. Be1 e2 45. R1d3 Rh6 46. Rh5 Rhg6 47. Qa8+ Bf8 48. Rxd7 Rxg2 49. Qd5+ Kh8 50. Rxh7+ Kxh7 51. Qh5+ Kg8 52. Qg4 R2xg4 53. hxg4 Re6 54. Kg2 Be7 55. b4 Kf8 56. b5 Ke8 57. Rd5 1-0

[Event "Kaunas Naujametinis U16 op 46th"]
[Site "Kaunas"]
[Date "2017.01.04"]
[Round "5"]
[White "Siugzdinis, Tautvydas"]
[Black "Mickus, Benas"]
[Result "0-1"]
[WhiteElo "1388"]
[BlackElo "1786"]
[PlyCount "54"]
[EventDate "2017.01.02"]
[EventType "swiss"]
[EventRounds "6"]
[EventCountry "LTU"]
[SourceTitle "CBM 176 Extra"]
[Source "ChessBase"]
[SourceDate "2017.03.02"]
[SourceVersion "1"]
[SourceVersionDate "2017.03.02"]
[SourceQuality "1"]

1. e4 e6 2. d4 d5 3. Nc3 Nf6 4. e5 Nfd7 5. f4 c5 6. Be3 Nc6 7. Nf3 Qb6 8. Qd2 cxd4 9. Nxd4 Bc5 10. 0-0-0 Nxd4 11. Bxd4 Bxd4 12. Qxd4 Qxd4 13. Rxd4 g6 14. Nb5 Ke7 15. g4 h5 16. Bh3 hxg4 17. Bxg4 Nb6 18. b3 Bd7 19. Nd6 Bc6 20. h4 Rh7 21. Rd3 Rah8 22. Rdh3 d4 23. R1h2 Nd5 24. h5 Nxf4 25. hxg6 Rxh3 26. Rxh3 Nxh3 27. Bxh3 Rxh3 0-1

[Event "Kaunas Naujametinis U16 op 46th"]
[Site "Kaunas"]
[Date "2017.01.03"]
[Round "4"]
[White "Pluta, Paulius"]
[Black "Siugzdinis, Tautvydas"]
[Result "0-1"]
[WhiteElo "1746"]
[BlackElo "1388"]
[PlyCount "76"]
[EventDate "2017.01.02"]
[EventType "swiss"]
[EventRounds "6"]
[EventCountry "LTU"]
[SourceTitle "CBM 176 Extra"]
[Source "ChessBase"]
[SourceDate "2017.03.02"]
[SourceVersion "1"]
[SourceVersionDate "2017.03.02"]
[SourceQuality "1"]

1. e4 e6 2. d4 d5 3. Nc3 Nf6 4. Bg5 Bb4 5. e5 h6 6. Bd2 Nfd7 7. Qg4 Kf8 8. h4 c5 9. dxc5 Bxc5 10. f4 Nc6 11. Nf3 a6 12. Bd3 b5 13. h5 Qc7 14. Rh3 f5 15. Qg3 Nb6 16. Nh4 Ne7 17. Be3 Bxe3 18. Qxe3 Nc4 19. Bxc4 bxc4 20. Ne2 Rb8 21. Qa3 Kf7 22. Nd4 Qb6 23. 0-0-0 Bd7 24. c3 Rhc8 25. Ng6 Nxg6 26. hxg6+ Ke8 27. Rxh6 gxh6 28. Rh1 Qc5 29. Qxa6 Ra8 30. Qb7 Rcb8 31. g7 Rxb7 32. g8Q+ Qf8 33. Qg6+ Kd8 34. Rxh6 Rxa2 35. Nxe6+ Bxe6 36. Qxe6 Ra1+ 37. Kd2 Rxb2+ 38. Ke3 Qc5+ 0-1

[Event "Kaunas Naujametinis U16 op 46th"]
[Site "Kaunas"]
[Date "2017.01.03"]
[Round "3"]
[White "Siugzdinis, Tautvydas"]
[Black "Zinovjev, Oleg"]
[Result "1/2-1/2"]
[WhiteElo "1388"]
[BlackElo "1449"]
[PlyCount "90"]
[EventDate "2017.01.02"]
[EventType "swiss"]
[EventRounds "6"]
[EventCountry "LTU"]
[SourceTitle "CBM 176 Extra"]
[Source "ChessBase"]
[SourceDate "2017.03.02"]
[SourceVersion "1"]
[SourceVersionDate "2017.03.02"]
[SourceQuality "1"]

1. d4 c5 2. d5 d6 3. e4 e5 4. dxe6 Bxe6 5. Nf3 Nc6 6. Bf4 Nf6 7. Nc3 a6 8. Be2 Be7 9. Ng5 0-0 10. Nxe6 fxe6 11. Bc4 Qd7 12. e5 Ne8 13. Qg4 Nd4 14. 0-0-0 b5 15. Bd5 Ra7 16. Rxd4 exd5 17. e6 Qd8 18. Rd3 Nf6 19. Qe2 d4 20. Ne4 Nd5 21. Bd2 Nf4 22. Bxf4 Rxf4 23. Rf3 Rf8 24. h4 Rxf3 25. Qxf3 Qe8 26. h5 h6 27. g4 Ra8 28. g5 Qf8 29. Qg4 d5 30. gxh6 dxe4 31. Rg1 Bf6 32. Qf5 Re8 33. Qd5 Kh8 34. Rg6 gxh6 35. Qxe4 Bg5+ 36. Kb1 Qf4 37. Qe1 Qh2 38. a3 Qf4 39. Qe2 Qf5 40. f3 Kh7 41. a4 c4 42. f4 Qxf4 43. Qg2 Re7 44. Qa8 Rg7 45. Rxg7+ Kxg7 1/2-1/2

[Event "WchT Amateur"]
[Site "Kaunas"]
[Date "2016.11.20"]
[Round "1.2"]
[White "Petraitis, Gintautas"]
[Black "Siugzdinis, Tautvydas"]
[Result "1-0"]
[WhiteElo "1933"]
[BlackElo "1408"]
[PlyCount "77"]
[EventDate "2016.11.20"]
[EventType "team-swiss"]
[EventRounds "9"]
[EventCountry "LTU"]
[SourceTitle "CBM 175 Extra"]
[Source "ChessBase"]
[SourceDate "2016.12.12"]
[SourceVersion "1"]
[SourceVersionDate "2016.12.12"]
[SourceQuality "1"]
[WhiteTeam "Lithuania Milsa"]
[BlackTeam "Lithuania GAJA"]
[WhiteTeamCountry "LTU"]
[BlackTeamCountry "LTU"]

1. e4 e6 2. d4 d5 3. Nc3 Nf6 4. Bg5 Be7 5. e5 Nfd7 6. Bxe7 Qxe7 7. f4 a6 8. Nf3 c5 9. Qd2 Nc6 10. Bd3 cxd4 11. Ne2 Qc5 12. 0-0 Nb6 13. b3 Bd7 14. Kh1 Nc8 15. a3 a5 16. Qe1 N8e7 17. Qf2 Ng6 18. Nfxd4 Nxd4 19. Qxd4 Rc8 20. Qxc5 Rxc5 21. b4 axb4 22. axb4 Rc8 23. Ra7 Rc7 24. b5 Bc8 25. b6 Rc5 26. Nd4 0-0 27. g3 Ne7 28. Rb1 Nc6 29. Nxc6 Rxc6 30. Kg2 g6 31. Kf3 Kg7 32. Ke3 h5 33. h4 f6 34. Kd4 fxe5+ 35. Kxe5 Kf7 36. Ba6 Ke8 37. Bb5 Rf5+ 38. Kd4 Bd7 39. Rxb7 1-0

[Event "LTU Grand Prix-chT"]
[Site "Kaunas"]
[Date "2016.02.21"]
[Round "1.5"]
[White "Kavaliauskas, Tomas"]
[Black "Siugzdinis, Tautvydas"]
[Result "1-0"]
[WhiteElo "1256"]
[BlackElo "1385"]
[PlyCount "81"]
[EventDate "2016.02.21"]
[EventType "team-swiss"]
[EventRounds "6"]
[EventCountry "LTU"]
[SourceTitle "EXT 2017"]
[Source "ChessBase"]
[SourceDate "2016.10.25"]
[SourceVersion "1"]
[SourceVersionDate "2016.10.25"]
[SourceQuality "1"]

1. d4 e6 2. Nf3 c5 3. e3 d5 4. c4 Nf6 5. Nc3 Nc6 6. cxd5 exd5 7. Be2 Bd6 8. 0-0 0-0 9. h3 Bf5 10. Nb5 c4 11. Nxd6 Qxd6 12. b3 b5 13. a4 Na5 14. axb5 Nxb3 15. Ba3 Qb6 16. Bxf8 Nxa1 17. Bc5 Qxb5 18. Qxa1 a5 19. Nd2 Rb8 20. e4 Bxe4 21. Nxe4 Nxe4 22. Qa3 a4 23. Bd1 c3 24. Bxa4 Qe2 25. Bd1 Qd2 26. Qa7 Rd8 27. Qc7 Ra8 28. Qb7 Qa2 29. Bh5 g6 30. Bd1 Re8 31. Bb3 Nxc5 32. dxc5 Qb2 33. Qxd5 Rf8 34. Qc4 Kg7 35. Rd1 Rb8 36. Qxf7+ Kh6 37. Qf4+ g5 38. Qxb8 c2 39. Qf8+ Kh5 40. g4+ Kh4 41. Qh6# 1-0

[Event "LTU Grand Prix-chT"]
[Site "Kaunas"]
[Date "2016.02.21"]
[Round "2.3"]
[White "Siugzdinis, Tautvydas"]
[Black "Vainauskas, Haroldas"]
[Result "1-0"]
[WhiteElo "1385"]
[BlackElo "1214"]
[PlyCount "70"]
[EventDate "2016.02.21"]
[EventType "team-swiss"]
[EventRounds "6"]
[EventCountry "LTU"]
[SourceTitle "EXT 2017"]
[Source "ChessBase"]
[SourceDate "2016.10.25"]
[SourceVersion "1"]
[SourceVersionDate "2016.10.25"]
[SourceQuality "1"]

1. d4 d5 2. c4 e6 3. Nc3 Bb4 4. Bf4 Nf6 5. Nf3 0-0 6. e3 Ne4 7. Qc2 Nxc3 8. bxc3 Bd6 9. Bg3 Nd7 10. Bd3 Nf6 11. Ne5 h6 12. c5 Be7 13. 0-0 Nd7 14. Nxd7 Bxd7 15. e4 b6 16. exd5 exd5 17. cxb6 cxb6 18. c4 Rc8 19. Qb3 Be6 20. cxd5 Bxd5 21. Qa4 Bc6 22. Qb3 Bd5 23. Qd1 Bb7 24. Kh1 Kh8 25. Qg4 Qd5 26. f3 f5 27. Qh5 Qxd4 28. Rad1 Qf6 29. Rfe1 Rc5 30. Bf2 Ra5 31. Bc4 f4 32. Qh3 Bc8 33. Be6 Bb7 34. Rd7 Qg6 35. Rxe7 Rh5 1-0

[Event "EU Amateur-ch"]
[Site "Kaunas"]
[Date "2015.08.15"]
[Round "8"]
[White "Siugzdinis, Tautvydas"]
[Black "Vasiliauskas, Domas"]
[Result "1/2-1/2"]
[WhiteElo "1328"]
[BlackElo "1687"]
[PlyCount "76"]
[EventDate "2015.08.09"]
[EventType "swiss"]
[EventRounds "9"]
[EventCountry "LTU"]
[SourceTitle "CBM 167 Extra"]
[Source "ChessBase"]
[SourceDate "2015.09.14"]
[SourceVersion "1"]
[SourceVersionDate "2015.09.14"]
[SourceQuality "1"]

1. d4 e6 2. e4 d5 3. exd5 exd5 4. Nf3 Be6 5. Bd3 Nc6 6. c3 Nf6 7. Bg5 Be7 8. Qc2 h6 9. Bh4 0-0 10. Nbd2 Nd7 11. Bxe7 Nxe7 12. 0-0 b6 13. Ne5 Nxe5 14. dxe5 c5 15. b3 Qd7 16. f4 Bf5 17. Nf3 Bxd3 18. Qxd3 Qf5 19. Qe3 Ng6 20. Nd2 Rfe8 21. h3 h5 22. Rf3 Rad8 23. Rd1 f6 24. Re1 fxe5 25. fxe5 Qxe5 26. Qxe5 Rxe5 27. Rxe5 Nxe5 28. Rf5 Re8 29. Rxh5 d4 30. cxd4 cxd4 31. Rh4 Nc6 32. Re4 Rxe4 33. Nxe4 Kf7 34. Kf2 Ke6 35. Nd2 Kd5 36. g4 Ne5 37. Ke2 Ng6 38. Kf3 Ne5+ 1/2-1/2

[Event "LTU-ch U12"]
[Site "Vilnius"]
[Date "2015.04.15"]
[Round "8.7"]
[White "Siugzdinis, Tautvydas"]
[Black "Maziukas, Kasparas"]
[Result "0-1"]
[WhiteElo "1364"]
[BlackElo "1492"]
[PlyCount "98"]
[EventDate "2015.04.11"]
[EventType "swiss"]
[EventRounds "8"]
[EventCountry "LTU"]
[SourceTitle "EXT 2024"]
[Source "ChessBase"]
[SourceDate "2023.10.10"]
[SourceVersion "1"]
[SourceVersionDate "2023.10.10"]
[SourceQuality "1"]

1. d4 d5 2. c4 c6 3. cxd5 cxd5 4. Bf4 Nc6 5. Nc3 Nf6 6. e3 Qb6 7. Qb3 Qxb3 8. axb3 Bf5 9. Nb5 Rc8 10. Rc1 a6 11. Na3 e6 12. Nf3 Bb4+ 13. Ke2 Ke7 14. g3 Na5 15. Bg2 Nxb3 16. Rc7+ Rxc7 17. Bxc7 Rc8 18. Bf4 Bxa3 19. bxa3 Rc2+ 20. Kd1 Rxf2 21. Nh4 Bg4+ 22. Bf3 Bxf3+ 23. Nxf3 Ra2 24. Re1 Ne4 25. Rg1 Rb2 26. h3 Nc3+ 27. Ke1 Re2+ 28. Kf1 Nd2+ 29. Nxd2 Rxd2 30. Rg2 Rd1+ 31. Kf2 Rd2+ 32. Kf1 Rxg2 33. Kxg2 Kd7 34. Kf2 Kc6 35. Kf3 Nb1 36. Kg4 Nxa3 37. Kh5 Nc4 38. g4 a5 39. Kg5 a4 40. h4 a3 41. h5 a2 42. h6 g6 43. Kf6 Nd6 44. Bxd6 Kxd6 45. Kg7 Ke7 46. Kxh7 a1Q 47. Kg7 Qh1 48. g5 b5 49. e4 dxe4 0-1